000 01161nam a2200181 4500
001 122888
003 ES-MaACL
007 t|
008 070214m1945 ag r ||||0| spa d
245 0 0 _aProgresos anuales en la práctica médico-quirúrgica /
_c[directores Alfonso R. Albanese, Luis Munist, Diego Fernández Luna].
260 _aBuenos Aires :
_bMundi,
_c1945-
300 _a13 v :
_bil ;
_c23 cm.
505 8 _aContiene: v. I: Boca ; faringe ; esófago ; estómago ; duodeno --- v. II: Pulmón ; pleuras ; mediastino --- v. III : Corazón ; aorta ; pericardio --- v. IV: Riñón ; urinarias ; genitales --- v. V: Intestinos ; peritoneo ; abdomen --- v. VI: Hígado ; vías biliares ; páncreas ; bazo --- v. VIII: Sangre ; vasos --- v. IX: Enfermedades infecciosas --- v. X: Huesos ; articulaciones ; músculos --- v. XI: Ojos ; garganta ; nariz ; oídos --- v. XII: Neurología ; psiquiatría --- v. XIV: Obstetricia --- v. XV: Pediatría ; puericultura --- [Faltan los v. VII y XIII]
700 1 _aAlbanese, Alfonso R.
_919227
700 1 _aMunist, Luis.
_984204
700 1 _aFernández Luna, Diego.
_949884
852 _aES-MaACL
_jE-4067-79
_bR.22143
999 _c122888
_d122888